000 00359nam a22001577a 4500
020 _a81-7649-242-6
082 _a581.4
_bLAC/P
100 _aLACK, A.J
100 _aEVANS, D.E
245 _aINSTANT NOTES PLANT BIOLOGY
250 _aFIRST EDITION
260 _aDELHI
_bVIVA BOOKS
_c2001
300 _a332
650 _aBIOLOGY REFERENCE
_zINDIA
942 _cBK
999 _c1407
_d1407